| 000 | 00861nam a2200205 i 4500 | ||
|---|---|---|---|
| 001 | 96179 | ||
| 003 | ES-MaACL | ||
| 005 | 20230906181847.0 | ||
| 007 | t| | ||
| 008 | 050613q1916 sp ||||1| spa d | ||
| 080 | _a821.133.1(493)-23"19" | ||
| 100 | 1 |
_aMaeterlinck, Maurice. _975418 |
|
| 245 | 1 | 0 |
_aObras / _cde Maurice Maeterlinck ; traducidas por G. MartÃnez Sierra. |
| 260 |
_aMadrid : _bEstab. Tip. Editorial, _c[ca. 1916] |
||
| 300 |
_a4 v. ; _c20 cm. |
||
| 505 | 8 | _aContiene: I. La princesa Malena ; La intrusa ; Los ciegos -- II. Peleas y Melisanda ; Aladina y Palomides ; Interior ; La muerte de Tintagiles -- III. Aglavena y Seliseta-Ariana y Bomba Azul ; Sor Beatriz -- V. El templo sepultado | |
| 700 | 1 |
_aMartÃnez Sierra, Gregorio, _d1881-1947 _978429 |
|
| 852 | 4 |
_aES-MaACL _jF-12385-88 _z- Falta el v. 4 |
|
| 999 |
_c96179 _d96179 |
||